Devinez les répliques préférés des acteurs d'Harry Potter - Statistiques

Statistiques générales
  • Ce quiz a été pris 352 fois
  • Le résultat moyen est 7 sur 15
Statistiques - réponses
Question Réponse % Correct
Julie Walters (Molly Weasley) Pas ma fille, sale pétasse! (HP8)
80%
Helen McCrory (Narcissa Malfoy) Mort. (HP8)
74%
Evanna Lynch (Luna Lovegood) Tu es aussi sain d'esprit que moi. (HP6)
62%
Emma Watson (Hermione Granger) Maintenant, je vais me coucher ! Avant que l'un de vous ait une brillante idée pour nous faire tuer. Ou pire, nous faire expulser! (HP1)
60%
Mattiew Lewis (Neville Londubat) Pourquoi c'est toujours moi? (HP2)
56%
Rupert Grint (Ron Weasley) Il faudrait qu'elle revoit l'ordre de ses priorités. (HP1)
54%
Tom Felton (Draco Malfoy) Mon père en entendra parler! (HP4)
54%
Warwick Davis (Filius Flitwick/Gripsec) Wingardium Leviosa (HP1)
54%
Jason Isaacs (Lucius Malfoy) Espérons que M. Potter sera toujours là pour nous sauver la mise. (HP2)
50%
David Tewlis (Remus Lupin) Ridikulus (HP3)
46%
Ralph Fiennes (Voldemort) Je peux te toucher maintenant. (HP4)
42%
Bonnie Wright (Ginny Weasley) Bonne chance. (HP1)
28%
Oliver Phelps (George Weasley) Bonjour... (HP7)
26%
Michael Gambon (Albus Dumbledore) Harry... (HP8)
8%
Robbie Coltrane (Rubeus Hagrid) Tu es le seul qui a survécu à... tu-sais-qui. (HP1)
6%
Aucun quiz correspondant
Distribution des résultats
% des personnes avec chaque résultat
Percentile par nombre de réponses
Votre historique - résultats
Vous n’avez pas pris ce quiz